[Event "TUR-chT 2nd League"]
[Site "Konya"]
[Date "2018.07.19"]
[Round "5.1"]
[White "Daulyte Cornette, Deimante"]
[Black "Demirag, Selina"]
[Result "1-0"]
[WhiteElo "2470"]
[BlackElo "1548"]
[PlyCount "87"]
[EventDate "2018.07.16"]
[EventType "team-swiss"]
[EventRounds "9"]
[EventCountry "TUR"]
[SourceTitle "EXT 2019"]
[Source "ChessBase"]
[SourceDate "2018.10.10"]
[SourceVersion "1"]
[SourceVersionDate "2018.10.10"]
[SourceQuality "1"]
[WhiteTeam "Ankara DSI Genclik"]
[BlackTeam "Yalova Belediye"]
[WhiteTeamCountry "TUR"]
[BlackTeamCountry "TUR"]

1. e4 c5 2. Nc3 Nc6 3. Bb5 g6 4. Bxc6 dxc6 5. d3 Bg7 6. Be3 b6 7. Qd2 Qc7 8. Nge2 Bd7 9. 0-0 Nf6 10. Bf4 e5 11. Bh6 Nh5 12. Bxg7 Nxg7 13. f4 exf4 14. Rxf4 Ne6 15. Rf6 Nd4 16. Nxd4 cxd4 17. Ne2 Qe5 18. Raf1 0-0 19. Qh6 Rae8 20. R1f4 Bg4 21. Kf1 c5 22. Ng1 Qh5 23. Qxh5 gxh5 24. h3 Bd7 25. Ne2 Re6 26. Ng3 Rxf6 27. Rxf6 h4 28. Nf5 Bxf5 29. Rxf5 Kg7 30. Rf4 Kg6 31. Rxh4 h5 32. Rf4 Kg5 33. Rf5+ Kg6 34. Rd5 f5 35. Rxf5 Rxf5+ 36. exf5+ Kxf5 37. g3 b5 38. Kf2 c4 39. Kf3 a6 40. g4+ hxg4+ 41. hxg4+ Ke5 42. g5 Kf5 43. g6 Kxg6 44. Ke4 1-0

[Event "TUR-ch (Women)"]
[Site "Aksu"]
[Date "2017.03.10"]
[Round "9"]
[White "Alev, Gonulden Seda"]
[Black "Demirag, Selina"]
[Result "1/2-1/2"]
[WhiteElo "1654"]
[BlackElo "1622"]
[PlyCount "84"]
[EventDate "2017.03.06"]
[EventType "swiss"]
[EventRounds "9"]
[EventCountry "TUR"]
[SourceTitle "CBM 177 Extra"]
[Source "ChessBase"]
[SourceDate "2017.04.27"]
[SourceVersion "1"]
[SourceVersionDate "2017.04.27"]
[SourceQuality "1"]

1. e4 e5 2. Nf3 Nc6 3. Nc3 Bc5 4. Bc4 Nf6 5. d3 h6 6. a3 d6 7. h3 0-0 8. 0-0 Be6 9. Bxe6 fxe6 10. Na4 Bb6 11. Nxb6 axb6 12. Re1 Ne7 13. d4 exd4 14. e5 dxe5 15. Rxe5 Nc6 16. Rxe6 Qd7 17. Re1 Rae8 18. Rxe8 Rxe8 19. Bf4 Re4 20. Qd2 Nd5 21. Bg3 Qf5 22. Re1 Rxe1+ 23. Qxe1 Nf4 24. Qd2 Ne6 25. Nh4 Qf6 26. Qd3 Ne7 27. Qc4 Kh8 28. Nf3 c5 29. Qb5 Nf8 30. Qe8 Kg8 31. Ne5 Nd5 32. Qc8 Nf4 33. Bxf4 Qxf4 34. Ng6 Qf7 35. Nxf8 Qxf8 36. Qe6+ Kh8 37. Qxb6 Qf4 38. Qb3 Qd2 39. g3 Qe1+ 40. Kg2 Qe4+ 41. Kg1 Qe1+ 42. Kg2 Qe4+ 1/2-1/2

[Event "TUR-ch (Women)"]
[Site "Aksu"]
[Date "2017.03.10"]
[Round "8"]
[White "Demirag, Selina"]
[Black "Erece, Ece Alkim"]
[Result "1/2-1/2"]
[WhiteElo "1622"]
[BlackElo "1868"]
[PlyCount "106"]
[EventDate "2017.03.06"]
[EventType "swiss"]
[EventRounds "9"]
[EventCountry "TUR"]
[SourceTitle "CBM 177 Extra"]
[Source "ChessBase"]
[SourceDate "2017.04.27"]
[SourceVersion "1"]
[SourceVersionDate "2017.04.27"]
[SourceQuality "1"]

1. c4 g6 2. Nc3 Bg7 3. g3 c5 4. Bg2 e6 5. Nf3 Nc6 6. 0-0 Nge7 7. d3 0-0 8. Bd2 Rb8 9. Rb1 a6 10. a3 b5 11. cxb5 axb5 12. Qc1 d5 13. b4 c4 14. Bh6 d4 15. Ne4 c3 16. Bxg7 Kxg7 17. e3 e5 18. Re1 Bf5 19. Nc5 Rc8 20. Nh4 Re8 21. Nxf5+ Nxf5 22. Bh3 Rc7 23. Bxf5 gxf5 24. e4 fxe4 25. Rxe4 f5 26. Rh4 Qf6 27. f3 Ne7 28. Ra1 Nd5 29. a4 Nxb4 30. Rb1 Na2 31. Qc2 Rxc5 32. Qxa2 b4 33. Qb3 c2 34. Rc1 Rec8 35. Qxb4 Qg5 36. f4 Qf6 37. Kf2 R8c7 38. fxe5 Qxe5 39. Qxd4 Qxd4+ 40. Rxd4 Kf6 41. Ke2 Ke5 42. Rb4 Rd5 43. Kd2 Rcd7 44. Rb3 Ra7 45. Ra3 Rda5 46. Rca1 Rc7 47. Rc3 Rxc3 48. Kxc3 Rxa4 49. Rc1 f4 50. gxf4+ Rxf4 51. Rxc2 Kd5 52. Rg2 Rh4 53. Rg5+ Kd6 1/2-1/2

[Event "TUR-ch (Women)"]
[Site "Aksu"]
[Date "2017.03.09"]
[Round "7"]
[White "Cicek, Fidan"]
[Black "Demirag, Selina"]
[Result "0-1"]
[WhiteElo "1307"]
[BlackElo "1622"]
[PlyCount "110"]
[EventDate "2017.03.06"]
[EventType "swiss"]
[EventRounds "9"]
[EventCountry "TUR"]
[SourceTitle "CBM 177 Extra"]
[Source "ChessBase"]
[SourceDate "2017.04.27"]
[SourceVersion "1"]
[SourceVersionDate "2017.04.27"]
[SourceQuality "1"]

1. e4 c5 2. Nc3 Nc6 3. g3 g6 4. Bg2 Bg7 5. d3 e6 6. Be3 d6 7. Qd2 Rb8 8. Nge2 Nd4 9. Nd1 b5 10. c3 Nxe2 11. Qxe2 b4 12. 0-0 Ne7 13. f4 0-0 14. g4 f5 15. gxf5 exf5 16. e5 Ba6 17. Re1 Re8 18. Kh1 Qc7 19. exd6 Qxd6 20. Bxc5 Qxc5 21. Qe6+ Kh8 22. Qxa6 Nd5 23. Rf1 bxc3 24. bxc3 Nxc3 25. Rc1 Qb5 26. Qxa7 Qxd3 27. Nxc3 Bxc3 28. Rfd1 Qe3 29. Qxe3 Rxe3 30. Rc2 Re1+ 31. Rxe1 Bxe1 32. Kg1 Rb1 33. h3 Bg3+ 34. Bf1 Bxf4 35. Kf2 Kg7 36. Bd3 Rb4 37. a3 Rb3 38. Kf3 Rxd3+ 39. Kxf4 Rxa3 40. Rc7+ Kh6 41. Ke5 Rxh3 42. Rc4 Kg5 43. Rc5 Re3+ 44. Kd4 Re4+ 45. Kd3 h5 46. Rc1 h4 47. Rh1 Kh5 48. Rh2 g5 49. Rf2 h3 50. Rxf5 Rf4 51. Re5 h2 52. Re8 Rh4 53. Re1 h1Q 54. Rxh1 Rxh1 55. Ke3 Rf1 0-1